000 00268nam a2200121 a 4500
008 101027s1976|||| d
245 1 0 _aObilie
100 1 _aMamin-Sibiriak, D. N.
260 _bTatran
_aBratislava
_c1976
020 _c26
041 _aslo
044 _aSk
999 _c12341
_d12341